000 00270nam a2200121 a 4500
008 100917s1973|||| d
100 1 _aDušek, Dušan
245 1 0 _aStrecha domu
020 _c7
260 _bPravda
_aBratislava
_c1973
044 _axo
_cSK
041 _aslo
999 _c10452
_d10452